Click to Translate - Japanese - Statistics

General Stats
  • This quiz has been taken 7,803 times
    7,181 since last reset
  • The average score is 12 of 20
Answer Stats
Hint Answer % Correct
Thank you ありがとう (Arigatō)
94%
Goodbye さようなら (Sayōnara)
92%
Hello こんにちは (Kon'nichiwa)
90%
Japan 日本 (Nihon)
86%
Toilet トイレ (Toire)
69%
Friend 友達 (Tomodachi)
67%
Thousand 千 (Sen)
61%
Moon 月 (Tsuki)
61%
Fire 火 (Hi)
57%
Welcome ようこそ (Yōkoso)
57%
Tomorrow 明日 (Ashita)
53%
Children 子供 (Kodomo)
53%
Family 家族 (Kazoku)
52%
Tiger 虎 (Tora)
50%
Time 時間 (Jikan)
46%
Hospital 病院 (Byōin)
44%
Chopstick 箸 (Hashi)
44%
Photograph 写真 (Shashin)
44%
Nose 鼻 (Hana)
42%
Temple 寺 (Tera)
36%
No matching quizzes found
Score Distribution
Percent of People with Each Score
Percentile by Number Answered
Your Score History
You have not taken this quiz since the last reset